Underrated Kpop Groups - Statistics

General Stats
  • This quiz has been taken 89 times
  • The average score is 6 of 25
Answer Stats
Agencies Answer % Correct
FNC Entertainment P1HARMONY
75%
JYP Entertainment XDINARY HEROES
56%
RBW Entertainment PURPLE KISS
51%
Starship Entertainment CRAVITY
44%
Yue Hua Entertainment EVERGLOW
40%
RBW Entertainment ONEUS
35%
P Nation TNX
33%
FNC Entertainment CHERRY BULLET
31%
C9 Entertainment CIX
27%
Mystic Story Entertainment BILLLIE
25%
BPM Entertainment VIVIZ
25%
BRANDNEW Music AB6IX
22%
TR Entertainment TRI.BE
22%
Woollim Entertainment DRIPPIN
20%
MNH Entertainment 8TURN
13%
Brave Entertainment DKB
13%
DR Music BLACKSWAN
11%
8D Creative ONLYONEOF
11%
NV Entertainment WOO!AH!
11%
Dongyo Entertainment DKZ
9%
IPQ Entertainment OMEGA X
9%
ALLART- & Happy Tribe Entertainment PIXY
9%
DSP Media YOUNG POSSE
9%
Armada Entertainment ONEPACT
7%
Think Entertainment TAN
4%
No matching quizzes found
Score Distribution
Percent of People with Each Score
Percentile by Number Answered
Your Score History
You have not taken this quiz